|
|
|
|
| LEADER |
00000nam a2200000Ii 4500 |
| 001 |
DIGANAGRA0234 |
| 003 |
NyNyDIG |
| 006 |
m o d |
| 007 |
cr ||||||||||| |
| 008 |
210820s2014 sp o 000 f spa d |
| 035 |
|
|
|a (OCoLC)1282640825
|
| 040 |
|
|
|a DGITA
|b eng
|e rda
|e pn
|c DGITA
|
| 041 |
1 |
|
|a spa
|h eng
|
| 020 |
|
|
|a 9788433935588
|q eBook
|q ePub
|
| 020 |
|
|
|z 9788433977649
|
| 050 |
1 |
4 |
|a PS3558.I366 ebook
|
| 082 |
0 |
4 |
|a 813.54
|
| 100 |
1 |
|
|a Highsmith, Patricia,
|d 1921-1995,
|e author.
|
| 240 |
1 |
0 |
|a This sweet sickness.
|l Spanish
|s (López García)
|
| 245 |
1 |
0 |
|a Ese dulce mal /
|c Patricia Highsmith ; [traducción, José Luis López]
|
| 250 |
|
|
|a Edición en formato digital.
|
| 264 |
|
1 |
|a Barcelona :
|b Editorial Anagrama,
|c [2014]
|
| 300 |
|
|
|a 1 online resource.
|
| 336 |
|
|
|a text
|b txt
|2 rdacontent
|
| 337 |
|
|
|a computer
|b c
|2 rdamedia
|
| 338 |
|
|
|a online resource
|b cr
|2 rdacarrier
|
| 347 |
|
|
|a text file
|2 rdaft
|
| 347 |
|
|
|b EPUB
|
| 490 |
1 |
|
|a Colección compactos
|
| 588 |
0 |
|
|a Online resource; title from ePub title page (Digitalia, viewed August 20, 2021)
|
| 655 |
|
7 |
|a Fiction.
|2 lcgft
|
| 655 |
|
0 |
|a Electronic books.
|
| 700 |
1 |
|
|a López García, José Luis,
|d 1961-,
|e translator.
|
| 700 |
1 |
|
|i Translation of:
|a Highsmith, Patricia,
|d 1921-1995.
|t This sweet sickness.
|
| 776 |
0 |
8 |
|i Print version:
|a Highsmith, Patricia, 1921-1995.
|s This sweet sickness. Spanish (López García).
|t Ese dulce mal.
|d Barcelona : Editorial Anagrama, 2015
|z 9788433977649
|w (OCoLC)898529155
|
| 791 |
2 |
|
|a Digitalia (Firm),
|e distributor.
|
| 793 |
0 |
|
|g Digitalia eBook Collection:
|a Anagrama
|
| 830 |
|
0 |
|a Colección compactos ;
|v 359.
|
| 856 |
4 |
0 |
|3 Digitalia Hispánica
|u https://www.digitaliapublishing.com/a/32265/
|
| 910 |
|
|
|a Premium Collection: 2021
|